MARC

Tag First Indicator Second Indicator Subfields
LEADER 00000cam a2200000 i 4500
001 in00004010331
005 20190805141617.0
006 m o d f
007 cr bn||||a||||
008 180803s2018 dcua ob f000 0 eng c
019 |a 1052789713  |a 1055596472  |a 1066612419 
035 |a (OCoLC)on1047613501 
042 |a pcc 
043 |a n-us--- 
040 |a GPO  |b eng  |e rda  |e pn  |c GPO  |d MERUC  |d GPO  |d OCL  |d GPO  |d MvI 
049 |a WWW 
050 4 |a KF27  |b .P8968 2017b 
074 |a 1024-C-01 (online) 
086 0 |a Y 4.T 68/2:115-16 
110 1 |a United States.  |b Congress.  |b House.  |b Committee on Transportation and Infrastructure.  |b Subcommittee on Water Resources and Environment,  |e author. 
240 1 0 |a Building a 21st-century infrastructure for America (2017 May 18) 
245 1 0 |a Building a 21st-century infrastructure for America :  |b improving water quality through integrated planning : hearing before the Subcommittee on Water Resources and Environment of the Committee on Transportation and Infrastructure, House of Representatives, One Hundred Fifteenth Congress, first session, May 18, 2017. 
246 3 0 |a Improving water quality through integrated planning 
246 1 |a Building a twenty-first-century infrastructure for America 
264 1 |a Washington :  |b U.S. Government Publishing Office,  |c 2018. 
300 |a 1 online resource (xii, 143 pages) :  |b illustrations 
336 |a text  |b txt  |2 rdacontent 
337 |a computer  |b c  |2 rdamedia 
338 |a online resource  |b cr  |2 rdacarrier 
500 |a "115-16." 
504 |a Includes bibliographical references. 
588 |a Description based on online resource, PDF version; title from title page (govinfo, viewed on Aug. 3, 2018). 
610 1 0 |a United States.  |b Environmental Protection Agency  |x Rules and practice. 
650 0 |a Water quality management  |z United States. 
650 0 |a Water resources development  |x Government policy  |z United States. 
650 0 |a Water treatment plants  |z United States  |x Management. 
650 0 |a Sewage  |x Purification  |z United States  |x Management. 
650 0 |a Water utilities  |z United States. 
650 0 |a Federal aid to water quality management  |z United States. 
650 0 |a Infrastructure (Economics)  |x Law and legislation  |z United States. 
610 1 7 |a United States.  |b Environmental Protection Agency.  |2 fast  |0 (OCoLC)fst00534882 
650 7 |a Federal aid to water quality management.  |2 fast  |0 (OCoLC)fst00922316 
650 7 |a Infrastructure (Economics)  |x Law and legislation.  |2 fast  |0 (OCoLC)fst01903602 
650 7 |a Sewage  |x Purification  |x Management.  |2 fast  |0 (OCoLC)fst01113820 
650 7 |a Water quality management.  |2 fast  |0 (OCoLC)fst01171900 
650 7 |a Water resources development  |x Government policy.  |2 fast  |0 (OCoLC)fst01171988 
650 7 |a Water treatment plants  |x Management.  |2 fast  |0 (OCoLC)fst01172170 
650 7 |a Water utilities.  |2 fast  |0 (OCoLC)fst01172219 
651 7 |a United States.  |2 fast  |0 (OCoLC)fst01204155 
655 7 |a Legislative hearings.  |2 lcgft 
655 7 |a Legislative hearings.  |2 fast  |0 (OCoLC)fst01910825 
655 7 |a Rules.  |2 fast  |0 (OCoLC)fst01423857 
776 0 8 |i Print version:  |a United States. Congress. House. Committee on Transportation and Infrastructure. Subcommittee on Water Resources and Environment.  |s Building a 21st-century infrastructure for America (2017 May 18)  |w (DLC) 2017433648  |w (OCoLC)1021078640 
776 0 8 |i Microfiche version:  |a United States. Congress. House. Committee on Transportation and Infrastructure. Subcommittee on Water Resources and Environment.  |s Building a 21st-century infrastructure for America (2017 May 18)  |w (OCoLC)1102680972 
856 4 0 |u https://purl.fdlp.gov/GPO/gpo107020  |t 0 
999 f f |s bf30757b-2a35-376b-a5d0-78f72c9adaa0  |i a8df3027-3fba-359f-b878-a51332921276  |t 0 
952 f f |a Texas A&M University  |b College Station  |c Electronic Resources  |d Available Online  |t 0  |e Y 4.T 68/2:115-16  |h Superintendent of Documents classification 
998 f f |a Y 4.T 68/2:115-16  |t 0  |l Available Online